Revista Redbioética : (Record no. 10968)

MARC details
000 -LEADER
fixed length control field 01777nas a22002897a 4500
005 - DATE AND TIME OF LATEST TRANSACTION
control field 20250606131126.0
007 - PHYSICAL DESCRIPTION FIXED FIELD--GENERAL INFORMATION
fixed length control field cr
008 - FIXED-LENGTH DATA ELEMENTS--GENERAL INFORMATION
fixed length control field 250606c2010 sp f||p| |||| 00| 0 spa d
022 ## - INTERNATIONAL STANDARD SERIAL NUMBER
International Standard Serial Number 20779445
040 ## - CATALOGING SOURCE
Transcribing agency AR-FvUNAJ
245 10 - TITLE STATEMENT
Title Revista Redbioética :
Remainder of title UNESCO /
Statement of responsibility, etc Red Latinoamericana y del Caribe de Bioética.
260 ## - PUBLICATION, DISTRIBUTION, ETC. (IMPRINT)
Place of publication, distribution, etc [Madrid] :
Name of publisher, distributor, etc UNESCO,
Date of publication, distribution, etc 2010 -
300 ## - PHYSICAL DESCRIPTION
Extent En línea
310 ## - CURRENT PUBLICATION FREQUENCY
Current publication frequency Semestral
362 ## - DATES OF PUBLICATION AND/OR SEQUENTIAL DESIGNATION
Dates of publication and/or sequential designation Año 1, Vol. 1, No. 1 (2010) -
500 ## - GENERAL NOTE
General note La Revista Redbioética/UNESCO tiene el objetivo de difundir y promociona los principios establecidos en la Declaración Universal de Bioética y Derechos Humanos, tal como la misma Declaración lo reclama (...).<br/>Lo que prioriza es la lectura ética y sobre todo bioética, centrada y sostenida sobre los derechos humanos, que reflexione sobre cuestiones sanitarias, ambientales, socio-políticas y filosóficas. Para ello pretende tomar en cuenta la relación de estas cuestiones con el poder tanto para la cultura occidental como para otras miradas integrales históricamente vigentes en América Latina como las de los pueblos originarios.
Source of note information (AM SE) [OBSOLETE] https://redbioetica.com.ar/revista-redbioetica-unesco/
650 27 - SUBJECT ADDED ENTRY--TOPICAL TERM
Source of heading or term saij
9 (RLIN) 2009
Topical term or geographic name as entry element BIOETICA
650 27 - SUBJECT ADDED ENTRY--TOPICAL TERM
Source of heading or term saij
9 (RLIN) 1105
Topical term or geographic name as entry element DERECHOS HUMANOS
650 27 - SUBJECT ADDED ENTRY--TOPICAL TERM
Source of heading or term decs
9 (RLIN) 21517
Topical term or geographic name as entry element DISCUSIONES BIOETICAS
650 27 - SUBJECT ADDED ENTRY--TOPICAL TERM
Source of heading or term decs
9 (RLIN) 20598
Topical term or geographic name as entry element ETICA EN INVESTIGACION
710 2# - ADDED ENTRY--CORPORATE NAME
9 (RLIN) 21516
Corporate name or jurisdiction name as entry element Red Latinoamericana y del Caribe de Bioética
856 40 - ELECTRONIC LOCATION AND ACCESS
Uniform Resource Identifier <a href="https://redbioetica.com.ar/category/resumenes-revista-redbioetica-unesco/">https://redbioetica.com.ar/category/resumenes-revista-redbioetica-unesco/</a>
856 40 - ELECTRONIC LOCATION AND ACCESS
Uniform Resource Identifier <a href="https://www.redbioetica.com.ar/wp-content/uploads/2018/11/Art5-Homedes-R10.pdf">https://www.redbioetica.com.ar/wp-content/uploads/2018/11/Art5-Homedes-R10.pdf</a>
Link text Problemas Éticos de los Ensayos Clínicos en América Latina
869 ## - Existencias
Año ----
942 ## - ADDED ENTRY ELEMENTS (KOHA)
Source of classification or shelving scheme Dewey Decimal Classification
Item type Revista electrónica
980 ## - EQUIVALENCE OR CROSS-REFERENCE-SERIES STATEMENT--PERSONAL NAME/TITLE [LOCAL, CANADA]
Linkage 19227
Personal name Leticia Ana Abalos
Field link and sequence number 19227
Miscellaneous information Leticia Ana Abalos
Holdings
Withdrawn status Lost status Source of classification or shelving scheme Damaged status Not for loan Collection code Home library Current library Date acquired Total Checkouts Date last seen Uniform Resource Identifier Price effective from Koha item type Serial Enumeration / chronology
    Dewey Decimal Classification   Acceso en línea Revistas Biblioteca Central Biblioteca Central 06/06/2025   06/06/2025 https://redbioetica.com.ar/category/resumenes-revista-redbioetica-unesco/ 06/06/2025 Revista electrónica  
    Dewey Decimal Classification   Acceso en línea Revistas Biblioteca Central Biblioteca Central 06/06/2025   06/06/2025 https://redbioetica.com.ar/revista-redbioetica-unesco-no-5/ 06/06/2025 Revista electrónica Año 3, Vol. 1, No. 5, (ene– jun 2012)

Lunes a Viernes 8:30 a 19:00 hs. Cerrado por mudanza
Av.Calchaqui 6200 Florencio Varela (CP188) 2°piso Edificio Mosconi Aula 209-210
Mail: bibliotecacentralunaj@gmail.com  
Whatsapp(54 9)1122668024    ❔Pregunte a la bibliotecaria
© Universidad Nacional Arturo Jauretche | Secretaría Académica | Biblioteca Central UNAJ